000 00648 a2200181 4500
000 BKB
001 071006
005 20200902150918.0
008
082 _a515.55
_bM42T
100 1 _aMathai, A.M.
245 1 _aThe H-function
_cby A.M. Mathai, Ram Kishore Saxena, and Hans J. Haubold
260 _aNew York
_bSpringer
_c2010
300 _a268p.
690 _aH-functions; Physics; Mathematical physics; Mathematical statistics; Engineering mathematics; Functions, Special; Functions, Special; Hypergeometric functions
700 _aSaxena, Ram Kishore
_b
_c
700 _aHaubold, Hans J.
_b
_c
999 _c4370
_d4370